| 000 | 00590nam a2200217 i 4500 | ||
|---|---|---|---|
| 001 | 87538 | ||
| 003 | ES-MaACL | ||
| 005 | 20240530125327.0 | ||
| 007 | t| | ||
| 008 | 041222s1985 sp ||||1| spa d | ||
| 020 | _a84-306-2162-8 | ||
| 100 | 1 |
_aLabanyi, Jo. _969206 |
|
| 245 | 1 | 0 |
_aIronĂa e historia en tiempo de silencio / _cJo Labanyi. |
| 260 |
_aMadrid : _bTaurus, _c[1985] |
||
| 300 |
_a166 p. ; _c21 cm. |
||
| 490 | 1 |
_aPersiles ; _v162 |
|
| 830 | 0 | 0 |
_aPersiles ; _v162 _9236720 |
| 852 |
_aES-MaACL _jL-11123 _bR.111197 |
||
| 942 | _2udc | ||
| 999 |
_c87538 _d87538 |
||